000
00298nam a2200121Ia 4500
008
190216s9999||||xx |||||||||||||| ||und||
100
_a
Gupta S.P
245
0
_a
Management Concepts And Environment
260
_b
New Central Book Agencies
_c
1978
300
_a
176p
650
_a
Commerce
942
_c
BK
999
_c
4277
_d
4277